000
00323nam a2200133Ia 4500
100
_a
Wigander/K. & Other
942
_c
BK
654
_a
Information System
245
_a
Structured Analysis And Design Of Information System
260
_b
McGraw Hill
_a
New York
_c
1986
082
_a
1.6
300
_a
277
546
_a
ENGLISH
999
_c
18660
_d
18660